Biện pháp giáo dục hành vi giao tiếp cho học sinh chậm phát triển trí tuệ học hòa nhập

Cơ sở lý luận về vấn đề giáo dục hành vi giao tiếp cho học sinh chậm phát triển trí tuệ. Thực trạng giáo dục hành vi giao tiếp cho học sinh chậm phát triển trí tuệ ở các trường tiểu học trên điaj bàn Q. Liên Chiểu - Đà Nẵng. Biện pháp giáo dục hành vi giao tiếp cho học sinh chậm phát triển trí tuệ h...

Description complète

Enregistré dans:
Détails bibliographiques
Auteur principal: Nguyễn, Xuân Anh
Autres auteurs: Đào, Thị Vân Hồng Th.S (Hướng dẫn)
Format: Livre
Langue:Vietnamese
Publié: Đại học Đà Nẵng Trường đại học Sư Phạm 2009
Collection:Khóa luận tốt nghiệp đại học. Chuyên ngành: Sư phạm Giáo dục Đặc biệt
Sujets:
Tags: Ajouter un tag
Pas de tags, Soyez le premier à ajouter un tag!
Thư viện lưu trữ: Mạng thư viện Đại học Đà Nẵng
LEADER 01785nam a2200349 4500
001 000012242
003 8535
005 20120217080247.0
008 120217s2009 viesd
041 |a vie 
072 |a Khóa luận tốt nghiệp 
082 |a 150.7  |b NG-A 
100 |a Nguyễn, Xuân Anh 
245 |a Biện pháp giáo dục hành vi giao tiếp cho học sinh chậm phát triển trí tuệ học hòa nhập  |c Nguyễn, Xuân Anh 
260 |a Đại học Đà Nẵng  |b Trường đại học Sư Phạm  |c 2009 
300 |a 73 tr.  |c 29 cm 
490 |a Khóa luận tốt nghiệp đại học. Chuyên ngành: Sư phạm Giáo dục Đặc biệt 
500 |a Tham khảo tr.73 + phụ lục [12 tr. ] 
520 |a Cơ sở lý luận về vấn đề giáo dục hành vi giao tiếp cho học sinh chậm phát triển trí tuệ. Thực trạng giáo dục hành vi giao tiếp cho học sinh chậm phát triển trí tuệ ở các trường tiểu học trên điaj bàn Q. Liên Chiểu - Đà Nẵng. Biện pháp giáo dục hành vi giao tiếp cho học sinh chậm phát triển trí tuệ học hòa nhập 
653 |a Khóa luận tốt nghiệp đại học 
653 |a Khoa Tâm lý - Giáo dục 
700 |a Đào, Thị Vân Hồng  |c Th.S  |e Hướng dẫn 
OWN |a LSP 
AVA |a UDN50  |b LSP  |d 150.7 NG-A  |e available  |t Error 5001 Not defined in file expand_doc_bib_avail.  |f 1  |g 0  |h N  |i 0  |k 1 
999 |a From the UDN01 
AVA |a UDN50  |b LSP  |d 150.7 NG-A  |e available  |t Error 5001 Not defined in file expand_doc_bib_avail.  |f 1  |g 0  |h N  |i 0  |k 1 
TYP |a Monograph 
TYP |a Printed language 
980 |a Mạng thư viện Đại học Đà Nẵng